000
00310nam a22001217a 4500
082
_a
823
_b
JEA/P
100
_a
JEANNE, PETER COURT
245
_a
PONY PALS GIVE ME BACK MY PONY
246
_a
PONY PALS GIVE ME BACK MY PONY
_b
PONY PALS GIVE ME BACK MY PONY
300
_a
82
650
_a
ENGLISH STORY
942
_c
BK
999
_c
8957
_d
8957